000 00451nam a2200169Ia 4500
999 _c434
_d434
003 OSt
005 20210907113423.0
008 190216s9999||||xx |||||||||||||| ||und||
040 _coclc
082 _a892.72
_bRAI/M
100 _aRai, Ali Al
_98797
245 0 _aAl Masrah Al Arabi /
_cAli Al Rai
260 _bOxonian Press,
_aNew Delhi:
300 _a208p
650 _aArabic
942 _cBK
_2ddc
_h892.72
_iRAI/M
_k892.72
_mRAI/M